Quiz animaux hybrides - Statistiques

Statistiques générales
  • Ce quiz a été pris 127 fois
  • Le résultat moyen est 11 sur 15
Statistiques - réponses
Par images Réponse % Correct
elephant canard
99%
cheval requin
95%
chien aigle
91%
corbeau gorille
87%
crocodile grenouille
86%
canard cheval
84%
escargot giraffe
77%
ours araignée
77%
chenille coq
66%
singe chien
63%
pingouin requin
61%
hippopotame rat
60%
oiseau rhinocéros
48%
sanglier chimpanzé
47%
oiseau lézard
23%
Aucun quiz correspondant
Distribution des résultats
% des personnes avec chaque résultat
Percentile par nombre de réponses
Votre historique - résultats
Vous n’avez pas pris ce quiz